| 000 | 00683nam a2200229Ia 4500 | ||
|---|---|---|---|
| 005 | 20230310095346.0 | ||
| 008 | 210716s2003 xx 000 0 und d | ||
| 020 | _a9788177581652 | ||
| 040 | _c AIMIT LIBRARY | ||
| 041 | _aeng | ||
| 082 |
_a004.65 _24 _bTANA |
||
| 100 |
_aTanenbaum, Andrew S. _974903 |
||
| 245 |
_aComputer networks / _cBy Andrew S Tanenbaum |
||
| 250 | _a4th ed. | ||
| 260 |
_aNew Delhi : _bPearson Education , _c2003. |
||
| 300 |
_axx,891p. ; _c24 cm. |
||
| 650 |
_aPhysical layer _974904 |
||
| 650 |
_aData link layer _974905 |
||
| 650 |
_aMedium access control sublayer _974906 |
||
| 650 |
_aTransport layer _974907 |
||
| 942 |
_2ddc _cBK _e4th _k004.65 TANA |
||
| 999 |
_c190810 _d190810 |
||